00675nam a2200241 a 4500001001300000003000900013005001700022008004100039020001000080082001300090100002000103245002600123260004800149300000800197500003500205505001000240650004000250700002000290902000800310942000700318952009300325999001500418nice12345678IN_TiNIC20260116012041.0050524s1934 egya grp 000 0 eng  ac10000a291bJEF aJeffery, Arthur aMuslim Point of View. aEgyptbEgypt Inter-Mission Conferencec1934 a12p aincludes index and biblioraphy2 aIndex aComparative Religion-Islam & Christ1 aJeffery, Arthur bSRS cBK 00104070aHMIbHMId2007-07-20g100.00l0o291 JEFp05931r2007-07-20w2026-01-16yEB c5433d5433